Qué es el trabajo social
Guardado en:
| Autor principal: | |
|---|---|
| Formato: | Libro |
| Lenguaje: | español |
| Publicado: |
Buenos Aires
Humanitas
1991
|
| Materias: | |
| Etiquetas: |
Agregar Etiqueta
Sin Etiquetas, Sea el primero en etiquetar este registro!
|
MARC
| LEADER | 00000nam a2200000 a 4500 | ||
|---|---|---|---|
| 001 | UCX4874 | ||
| 003 | CL-VaPUC | ||
| 008 | 920807e19910000AG |||||||||||||||||spa|d | ||
| 082 | 0 | 4 | |a 361 |b AND |2 21 |
| 100 | |a Ander-Egg, Ezequiel |e autor |9 563263 | ||
| 245 | 1 | 0 | |a Qué es el trabajo social |
| 300 | |a 206 p | ||
| 942 | |c BK | ||
| 945 | |d 19920807 00:00:00 | ||
| 260 | |a Buenos Aires |b Humanitas |c 1991 | ||
| 650 | 0 | |a Trabajo social |x Orientación vocacional |9 321153 | |
| 583 | |a last modification |c 19920807 00:00:00 |k Rodrigo Vera | ||
| 999 | |c 225247 |d 225245 | ||
| 952 | |0 0 |1 0 |4 0 |6 361_000000000000000_AND_1991 |7 0 |8 A |9 222621 |a BIBGIM |b BIBGIM |d 2019-11-15 |i 2914220 |o 361 AND 1991 |p 2914220 |r 2025-01-15 |w 2019-11-15 |y BK |k SSL | ||
| 952 | |0 0 |1 0 |4 0 |6 361_000000000000000_AND_1991 |7 0 |8 A |9 222622 |a BIBGIM |b BIBGIM |d 2019-11-15 |i 2914239 |o 361 AND 1991 |p 2914239 |r 2025-01-15 |w 2019-11-15 |y BK |k SSL | ||